• 首页
  • 本馆介绍
  • 公告通知
  • 最新文献
  • 馆藏检索
  • 电子资源
  • 读者导购
  • 参考咨询
  • 我的图书馆
  • 登录
  • 详细信息显示
  • 放入我的书架
  • 预约/预借图书
  • 作者相关作品
  • 分类相关作品
  • 丛书相关作品
  • 出版社相关作品

书目信息

  • 表格格式
  • 工作单格式
  • 卡片格式
题名:
民族地理学
    
 
作者: 管彦波 著
分册:  
出版信息: 北京   社会科学文献出版社  2011.4
页数: 579页
开本: 25cm
丛书名: 国家哲学社会科学成果文库
单 册:
中图分类: K18
科图分类:
主题词: 民族地理--研究 , 民族地理
电子资源:
ISBN: 978-7-5097-2184-1
000 00862oam2 2200265 45
001 515
005 20120604081256.75
010    @a978-7-5097-2184-1@b精装@dCNY128.00
100    @a20120328d2011 em y0chiy50 ea
101 0  @achi
102    @aCN@b110000
105    @aab z 000yy
106    @ar
200 1  @a民族地理学@AMin Zu Di Li Xue@f管彦波著@FGuan Yan Bo Zhu
210    @a北京@c社会科学文献出版社@d2011.4
215    @a579页@c图,地图@d25cm
225 2  @a国家哲学社会科学成果文库
330    @a本书共分七章,内容包括历史溯源:民族地理学学科资料的积累与发展源流;民族地理学:对象、内容、概念、学科体系、方法、意义等。
461  0 @12001 @a国家哲学社会科学成果文库
606 0  @a民族地理@x研究
606 0  @a民族地理
690    @aK18@v4
701  0 @a管彦波@AGuan Yan Bo@f(1967-)@4著
801  0 @aCN@bTSTCL@c20120328
905    @b0814684-86@dK18@e190@f3
    
    民族地理学/管彦波著.-北京:社会科学文献出版社,2011.4
    579页:图,地图;25cm.-(国家哲学社会科学成果文库)
    
    
    ISBN 978-7-5097-2184-1(精装):CNY128.00
    本书共分七章,内容包括历史溯源:民族地理学学科资料的积累与发展源流;民族地理学:对象、内容、概念、学科体系、方法、意义等。
●
相关链接 在E读中查询图书 在五车中查询图书 在当当中查询图书 在豆瓣中查询图书


正题名:民族地理学     索取号:K18/190         预约/预借

序号 登录号 条形码 馆藏地/架位号 状态 备注
1 0814684   208146843   第二样本阅览室/ [索取号:K18/190] 在馆    
2 0814685   208146852   第二借阅区/ [索取号:K18/190] 在馆    
3 0814686   208146861   第二借阅区/ [索取号:K18/190] 在馆    
唐山师范学院图书馆 欢迎您!
大连网信软件有限公司© 版权所有